000 00288nam a22001337a 4500
008 170821b xxu||||| |||| 00| 0 eng d
020 _a0534386296
041 _aeng
080 _22ND
_a51
100 _a37
101 _aMAT
245 _aELEMENTARY ALGEBRA
_cTUSSY,A.S
942 _2udc
_cBK
999 _c24350
_d24350